| 000 -LEADER |
| fixed length control field |
01982cam a2200301 a 4500 |
| 003 - CONTROL NUMBER IDENTIFIER |
| control field |
OSt |
| 005 - DATE AND TIME OF LATEST TRANSACTION |
| control field |
20200810111302.0 |
| 008 - FIXED-LENGTH DATA ELEMENTS--GENERAL INFORMATION |
| fixed length control field |
110412s2012 caua b 001 0 eng d |
| 010 ## - LIBRARY OF CONGRESS CONTROL NUMBER |
| LC control number |
2011927306 |
| 020 ## - INTERNATIONAL STANDARD BOOK NUMBER |
| International Standard Book Number |
9780857020390 (pbk.) |
| 020 ## - INTERNATIONAL STANDARD BOOK NUMBER |
| International Standard Book Number |
9780857020383 |
| 035 ## - SYSTEM CONTROL NUMBER |
| System control number |
(OCoLC)ocn794019396 |
| 042 ## - AUTHENTICATION CODE |
| Authentication code |
lccopycat |
| 050 00 - LIBRARY OF CONGRESS CALL NUMBER |
| Classification number |
LB1028 |
| Item number |
.R3754 2012 |
| 082 00 - DEWEY DECIMAL CLASSIFICATION NUMBER |
| Classification number |
370.72 |
| Edition number |
23 |
| 245 00 - TITLE STATEMENT |
| Title |
Research methods and methodologies in education / |
| Statement of responsibility, etc |
edited by James Arthur ... [et al.]. |
| 246 14 - VARYING FORM OF TITLE |
| Title proper/short title |
Research methods & methodologies in education |
| 260 ## - PUBLICATION, DISTRIBUTION, ETC. (IMPRINT) |
| Place of publication, distribution, etc |
Los Angeles : |
| Name of publisher, distributor, etc |
SAGE, |
| Date of publication, distribution, etc |
2012. |
| 300 ## - PHYSICAL DESCRIPTION |
| Extent |
xxxiv, 417 p. : |
| Other physical details |
ill. ; |
| Dimensions |
24 cm. |
| 504 ## - BIBLIOGRAPHY, ETC. NOTE |
| Bibliography, etc |
Includes bibliographical references and index. |
| 520 ## - SUMMARY, ETC. |
| Summary, etc |
"This straightforward and jargon-free book will provide students with the theoretical understandings, practical knowledge and skills they need to carry out independent research. The international contributors identify key research methodologies, data collection tools and analysis methods and focus on the direct comparisons between them. Each chapter sets out the strengths and weaknesses of a key research method by: identifying specific research designs; presenting a series of relevant data collection tools; highlighting which analytical methods can be used. The chapters cover the full range of methods and methodologies, including internet research, mixed methods, and ethnographic research. Additional online materials are also available including links to useful journal articles. This is a key book for M-level students and other postgraduates within Education and Educational Research Methods courses."--Cover p. [4]. |
| 650 #0 - SUBJECT ADDED ENTRY--TOPICAL TERM |
| Topical term or geographic name as entry element |
Education |
| General subdivision |
Research |
| -- |
Methodology. |
| 650 #0 - SUBJECT ADDED ENTRY--TOPICAL TERM |
| Topical term or geographic name as entry element |
Education research. |
| 700 1# - ADDED ENTRY--PERSONAL NAME |
| Personal name |
Arthur, James. |
| 856 42 - ELECTRONIC LOCATION AND ACCESS |
| Materials specified |
Additional online material |
| Uniform Resource Identifier |
<a href="http://www.uk.sagepub.com/books/Book235020#tabview=samples">http://www.uk.sagepub.com/books/Book235020#tabview=samples</a> |
| 942 ## - ADDED ENTRY ELEMENTS (KOHA) |
| Source of classification or shelving scheme |
|
| 955 ## - COPY-LEVEL INFORMATION (RLIN) |
| Book number/undivided call number, CCAL (RLIN) |
re13 2012-08-23 z-processor USGEN |
| Copy status, CST (RLIN) |
re13 2013-10-18 Copy 1 Barcode 00406114132 to Dewey |